Power electronics : (Record no. 180717)

000 -LEADER
fixed length control field 01112 a2200241 4500
003 - CONTROL NUMBER IDENTIFIER
control field Nust
005 - DATE AND TIME OF LATEST TRANSACTION
control field 20170207153155.0
010 ## - LIBRARY OF CONGRESS CONTROL NUMBER
LC control number 95002753
020 ## - INTERNATIONAL STANDARD BOOK NUMBER
International Standard Book Number 0071135413
040 ## - CATALOGING SOURCE
Transcribing agency Nust
082 00 - DEWEY DECIMAL CLASSIFICATION NUMBER
Classification number 621.317
100 1# - MAIN ENTRY--PERSONAL NAME
Personal name Vithayathil, Joseph.
245 10 - TITLE STATEMENT
Title Power electronics :
Remainder of title principles and applications
Statement of responsibility, etc. Joseph Vithayathil.
250 ## - EDITION STATEMENT
Edition statement International ed.
260 ## - PUBLICATION, DISTRIBUTION, ETC.
Place of publication, distribution, etc. New York :
Name of publisher, distributor, etc. McGraw-Hill,
Date of publication, distribution, etc. c1995.
300 ## - PHYSICAL DESCRIPTION
Extent xxiv, 632 p. :
Other physical details ill. ;
Dimensions 25 cm.
490 1# - SERIES STATEMENT
Series statement McGraw-Hill series in electrical and computer engineering. Power and energy
505 ## - FORMATTED CONTENTS NOTE
Formatted contents note Power Semiconductor Devices (Page-1), Line Commutated Converters (Page-106), AC Switching Controllers (Page-205), Choppers (Page-228), Inverters (Page-293), Power Supply Systems (Page-376), Adjustable Speed DC Motor Drives (Page-441), Adjustable Speed AC Motor Drives (Page-492), Vector Control of AC Motor Drives (Page-578),
538 ## - SYSTEM DETAILS NOTE
System details note Almirah No.31 Shelf No.3
650 #0 - SUBJECT ADDED ENTRY--TOPICAL TERM
Topical term or geographic name entry element Power electronics.
830 #0 - SERIES ADDED ENTRY--UNIFORM TITLE
Uniform title McGraw-Hill series in electrical and computer engineering.
830 #0 - SERIES ADDED ENTRY--UNIFORM TITLE
Uniform title McGraw-Hill series in electrical and computer engineering.
942 ## - ADDED ENTRY ELEMENTS (KOHA)
Source of classification or shelving scheme
Koha item type Book
Holdings
Withdrawn status Lost status Source of classification or shelving scheme Damaged status Not for loan Collection code Permanent Location Current Location Date acquired Total Checkouts Full call number Barcode Date last seen Price effective from Koha item type
            Military College of Signals (MCS) Military College of Signals (MCS) 12/12/2016   621.317 VIT MCS973 12/08/2016 12/12/2016 Book
© 2023 Central Library, National University of Sciences and Technology. All Rights Reserved.